[Event "East Bay CC GM"]
[Site "Berkley USA"]
[Date "2005.03.31"]
[Round "3"]
[White "Pruess, David"]
[Black "Roussel-Roozmon, Thomas"]
[Result "0-1"]
[WhiteElo "2394"]
[BlackElo "2425"]
[PlyCount "144"]
[EventDate "2005.03.29"]
[EventType "tourn"]
[EventRounds "10"]
[EventCountry "USA"]
[EventCategory "9"]
[Source "Mark Crowther"]
[SourceDate "2005.04.04"]

1. d4 Nf6 2. Nc3 d5 3. Bg5 Nbd7 4. Qd2 h6 5. Bh4 e6 6. e4 Nxe4 7. Bxd8 Nxd2 8.
Bxc7 Nxf1 9. Kxf1 b6 10. Bf4 Ba6+ 11. Nce2 Be7 12. f3 O-O 13. Kf2 Rfc8 14. c3
Bd3 15. Bd2 b5 16. a4 a6 17. a5 b4 18. Ke3 bxc3 19. Bxc3 Bh7 20. Nh3 Nb8 21.
Nhf4 Nc6 22. Nd3 Kf8 23. Rhc1 Ke8 24. Rc2 Rab8 25. Rcc1 Rb3 26. Ra4 f6 27. Re1
Kd7 28. Kd2 Na7 29. Nec1 Rbb8 30. Na2 Nb5 31. Ndb4 Nc7 32. Rc1 Bd6 33. g3 h5
34. Ke3 g5 35. Be1 Rb5 36. Bd2 Bg6 37. Rc6 h4 38. Be1 Rcb8 39. Rxc7+ Bxc7 40.
Nxa6 Ra8 41. Nc5+ Ke7 42. b4 hxg3 43. Bxg3 Bxg3 44. hxg3 Bc2 45. Ra3 Bb1 46.
Nd3 Kd6 47. Nac1 e5 48. Ra1 Bc2 49. Ra2 Rc8 50. dxe5+ fxe5 51. a6 d4+ 52. Ke4
Rxb4 53. Ra5 Ra4 54. Rd5+ Kc7 55. Rc5+ Kb8 56. Rxe5 Rxa6 57. Rxg5 Ra3 58. Rb5+
Ka7 59. Rd5 Rcc3 60. Rxd4 Bb1 61. g4 Rxc1 62. g5 Re1+ 63. Kf5 Bxd3+ 64. Kf6
Ra6+ 65. Kg7 Re7+ 66. Kf8 Re3 67. f4 Rc6 68. Rd5 Rf3 69. Rd4 Rc7 70. Kg8 Bc2
71. Kf8 Rh3 72. Kg8 Bb3+ 0-1

[Event "East Bay CC GM"]
[Site "Berkley USA"]
[Date "2005.04.01"]
[Round "4"]
[White "Stein, Alex"]
[Black "Roussel-Roozmon, Thomas"]
[Result "1-0"]
[WhiteElo "2362"]
[BlackElo "2425"]
[PlyCount "97"]
[EventDate "2005.03.29"]
[EventType "tourn"]
[EventRounds "10"]
[EventCountry "USA"]
[EventCategory "9"]
[Source "Mark Crowther"]
[SourceDate "2005.04.04"]

1. e4 e5 2. Nf3 Nc6 3. Bb5 Nf6 4. O-O Nxe4 5. d4 Nd6 6. Bxc6 dxc6 7. dxe5 Nf5
8. Qxd8+ Kxd8 9. Nc3 Ke8 10. h3 a5 11. Bd2 a4 12. a3 Be6 13. Rad1 b5 14. Rfe1
Rd8 15. Bg5 Rxd1 16. Rxd1 Bd7 17. e6 fxe6 18. Ne4 h6 19. Bf4 Bd6 20. Bxd6 Nxd6
21. Ne5 Bc8 22. Nxd6+ cxd6 23. Rxd6 Ke7 24. Rd3 Kf6 25. Nxc6 Bb7 26. Nb4 Ke7
27. Rc3 Rc8 28. Rxc8 Bxc8 29. f3 Kd6 30. Kf2 e5 31. Ke3 Bf5 32. g4 Bh7 33. h4
Kc5 34. Nd3+ Kd5 35. h5 g6 36. hxg6 Bxg6 37. Nb4+ Kc4 38. Nc6 Bxc2 39. Kd2 Kb3
40. Kc1 e4 41. Nd4+ Kc4 42. Kxc2 Kxd4 43. f4 Kc4 44. g5 hxg5 45. fxg5 Kd5 46.
Kd2 Ke5 47. Ke3 Kf5 48. g6 Kxg6 49. Kxe4 1-0

[Event "East Bay CC GM"]
[Site "Berkley USA"]
[Date "2005.04.02"]
[Round "5"]
[White "Roussel-Roozmon, Thomas"]
[Black "Yermolinsky, Alex"]
[Result "1/2-1/2"]
[WhiteElo "2425"]
[BlackElo "2570"]
[PlyCount "66"]
[EventDate "2005.03.29"]
[EventType "tourn"]
[EventRounds "10"]
[EventCountry "USA"]
[EventCategory "9"]
[Source "Mark Crowther"]
[SourceDate "2005.04.04"]

1. e4 c5 2. Nf3 d6 3. Bb5+ Nd7 4. d4 Ngf6 5. Nc3 cxd4 6. Qxd4 e5 7. Qd3 h6 8.
Be3 Be7 9. Bc4 O-O 10. O-O a6 11. a4 Qc7 12. Rfd1 Nc5 13. Bxc5 Qxc5 14. Nd5
Nxd5 15. Bxd5 Rb8 16. h3 Kh8 17. c3 f5 18. a5 fxe4 19. Bxe4 Be6 20. Bd5 Bf5 21.
Be4 Bxe4 22. Qxe4 Rf4 23. Qd5 Qxd5 24. Rxd5 Rbf8 25. Rd2 Kg8 26. Ne1 d5 27. f3
d4 28. cxd4 Rxd4 29. Rxd4 exd4 30. Kf1 Rf5 31. Nd3 Rb5 32. Ke2 Bb4 33. Ra4 Bxa5
1/2-1/2

[Event "East Bay CC GM"]
[Site "Berkley USA"]
[Date "2005.04.02"]
[Round "6"]
[White "Roussel-Roozmon, Thomas"]
[Black "Sharavdorj, Dashzeveg"]
[Result "1-0"]
[WhiteElo "2425"]
[BlackElo "2453"]
[PlyCount "71"]
[EventDate "2005.03.29"]
[EventType "tourn"]
[EventRounds "10"]
[EventCountry "USA"]
[EventCategory "9"]
[Source "Mark Crowther"]
[SourceDate "2005.04.04"]

1. e4 e6 2. d4 d5 3. Nc3 Nf6 4. Bg5 dxe4 5. Nxe4 Be7 6. Bxf6 Bxf6 7. Nf3 O-O 8.
Qd2 Nd7 9. O-O-O Be7 10. Bd3 b6 11. h4 Bb7 12. Qf4 Nf6 13. Neg5 Qd6 14. Ne5
Rad8 15. Kb1 h6 16. f3 c5 17. dxc5 Qxc5 18. Qg3 Bd6 19. f4 Bxe5 20. fxe5 Qc7
21. Rdf1 Kh8 22. Nxf7+ Qxf7 23. exf6 gxf6 24. Qe3 Kg7 25. Qg3+ Kh8 26. Qe3 Qg7
27. Rhg1 e5 28. g4 e4 29. Bc4 Rde8 30. Rf5 Re5 31. Rh5 Kh7 32. g5 fxg5 33. hxg5
Rf3 34. g6+ Qxg6 35. Qxh6+ Qxh6 36. Bg8+ 1-0

[Event "East Bay CC GM"]
[Site "Berkley USA"]
[Date "2005.04.03"]
[Round "7"]
[White "Atalik, Suat"]
[Black "Roussel-Roozmon, Thomas"]
[Result "1/2-1/2"]
[WhiteElo "2560"]
[BlackElo "2425"]
[PlyCount "73"]
[EventDate "2005.03.29"]
[EventType "tourn"]
[EventRounds "10"]
[EventCountry "USA"]
[EventCategory "9"]
[Source "Mark Crowther"]
[SourceDate "2005.04.04"]

1. d4 Nf6 2. c4 e6 3. Nf3 b6 4. Nc3 Bb7 5. Bg5 Be7 6. e3 Ne4 7. Nxe4 Bxe4 8.
Bf4 O-O 9. Bd3 Bb4+ 10. Kf1 Bxd3+ 11. Qxd3 Be7 12. h4 d6 13. Ng5 g6 14. Nf3 h5
15. Bh6 Re8 16. g4 hxg4 17. Rg1 f5 18. Rxg4 Kf7 19. h5 Rg8 20. hxg6+ Rxg6 21.
Rxg6 Kxg6 22. Bf4 Qh8 23. Ke2 Nd7 24. Rg1+ Kf7 25. d5 Qxb2+ 26. Kf1 Qa1+ 27.
Kg2 Qg7+ 28. Kf1 Qa1+ 29. Ne1 Qf6 30. Bg5 Ne5 31. Qd1 Qh8 32. dxe6+ Kxe6 33.
Qd5+ Kd7 34. Qb5+ Ke6 35. Qd5+ Kd7 36. Qb5+ Ke6 37. Qd5+ 1/2-1/2

[Event "East Bay CC GM"]
[Site "Berkley USA"]
[Date "2005.04.04"]
[Round "8"]
[White "Roussel-Roozmon, Thomas"]
[Black "Pruess, David"]
[Result "1-0"]
[WhiteElo "2425"]
[BlackElo "2394"]
[PlyCount "112"]
[EventDate "2005.03.29"]
[EventType "tourn"]
[EventRounds "10"]
[EventCountry "USA"]
[EventCategory "9"]
[Source "Mark Crowther"]
[SourceDate "2005.04.11"]

1. Nf3 d5 2. d4 c6 3. c4 e6 4. Nbd2 Nf6 5. e3 Nbd7 6. Bd3 c5 7. O-O cxd4 8.
exd4 Be7 9. b3 b6 10. Qe2 Bb7 11. Bb2 O-O 12. Rad1 Qc7 13. Rfe1 Rac8 14. Bb1
Rfd8 15. h3 dxc4 16. bxc4 Bb4 17. Bd3 Nh5 18. Qe3 Nf4 19. Bf1 Ng6 20. Qb3 Bf8
21. Ne4 Qf4 22. Bc1 Qf5 23. Ng3 Qa5 24. Bd2 Qa3 25. Re3 Qe7 26. a4 Nh4 27. Nxh4
Qxh4 28. Bc3 Bd6 29. a5 Bc7 30. Ra1 Ra8 31. Qb2 Nf6 32. Ra3 Bc6 33. axb6 axb6
34. Rxa8 Rxa8 35. d5 Bd7 36. Be5 Bxe5 37. Qxe5 exd5 38. cxd5 Re8 39. Qc7 Rxe3
40. fxe3 h6 41. Qb8+ Be8 42. Bb5 Kf8 43. Bc6 g6 44. e4 Kg7 45. Qe5 Qg5 46. Qc3
Kf8 47. Kh2 h5 48. e5 h4 49. Qa3+ Kg8 50. exf6 Bxc6 51. dxc6 Qxf6 52. c7 hxg3+
53. Qxg3 Qc6 54. Qe5 b5 55. Qe7 Kh7 56. Qxf7+ Kh6 1-0

[Event "East Bay CC GM"]
[Site "Berkley USA"]
[Date "2005.04.05"]
[Round "9"]
[White "Roussel-Roozmon, Thomas"]
[Black "Stein, Alex"]
[Result "1-0"]
[WhiteElo "2425"]
[BlackElo "2362"]
[PlyCount "96"]
[EventDate "2005.03.29"]
[EventType "tourn"]
[EventRounds "10"]
[EventCountry "USA"]
[EventCategory "9"]
[Source "Mark Crowther"]
[SourceDate "2005.04.11"]

1. d4 g6 2. e4 d6 3. Nc3 Bg7 4. Be3 c6 5. Qd2 Nd7 6. f3 a6 7. a4 b6 8. Nh3 Bb7
9. Be2 Ngf6 10. Nf2 b5 11. Bh6 O-O 12. O-O Bxh6 13. Qxh6 e5 14. dxe5 dxe5 15.
Rfd1 Qe7 16. Qe3 Nc5 17. Bf1 Ne6 18. Ne2 c5 19. c3 Bc6 20. Nc1 c4 21. Qb6 Rfc8
22. axb5 Bxb5 23. Qd6 Qxd6 24. Rxd6 Kf8 25. Nd1 Ke7 26. Rd2 h5 27. Kf2 h4 28.
Ne3 Nc5 29. Ke1 Ncd7 30. Ra5 Nb6 31. Na2 Rd8 32. Nb4 Rxd2 33. Kxd2 Kd6 34. Kc2
Ne8 35. b3 cxb3+ 36. Kxb3 Bxf1 37. Nxf1 Nc7 38. Ne3 Ke6 39. c4 f5 40. Rc5 Kd7
41. exf5 gxf5 42. Rxe5 f4 43. Nf5 Ne6 44. c5 a5 45. Nd3 a4+ 46. Ka2 Nc4 47. c6+
Kc7 48. Rxe6 Rd8 1-0

[Event "East Bay CC GM"]
[Site "Berkley USA"]
[Date "2005.04.06"]
[Round "10"]
[White "Yermolinsky, Alex"]
[Black "Roussel-Roozmon, Thomas"]
[Result "1/2-1/2"]
[WhiteElo "2570"]
[BlackElo "2425"]
[PlyCount "88"]
[EventDate "2005.03.29"]
[EventType "tourn"]
[EventRounds "10"]
[EventCountry "USA"]
[EventCategory "9"]
[Source "Mark Crowther"]
[SourceDate "2005.04.11"]

1. d4 Nf6 2. c4 e6 3. Nf3 Bb4+ 4. Bd2 Qe7 5. g3 Nc6 6. Bg2 Bxd2+ 7. Nbxd2 d6 8.
O-O O-O 9. e4 e5 10. d5 Nb8 11. Ne1 a5 12. Nd3 Na6 13. a3 c6 14. Qb3 Nd7 15.
Qc3 a4 16. Qa5 cxd5 17. exd5 f5 18. Qxa4 e4 19. Nf4 Ne5 20. h4 Bd7 21. Qd1 Nc5
22. Qe2 Rae8 23. b4 Ncd3 24. Nxd3 Nxd3 25. f3 Qe5 26. fxe4 Qd4+ 27. Kh2 fxe4
28. Nxe4 Nf2 29. Rxf2 Qxa1 30. Rxf8+ Rxf8 31. Nxd6 Qxa3 32. Qd2 Bg4 33. c5 Bf3
34. Nc4 Qb3 35. Ne3 Bxg2 36. Kxg2 Re8 37. Kf2 Ra8 38. Qd4 Rf8+ 39. Kg2 Qa2+ 40.
Kh3 Qb1 41. d6 Qh1+ 42. Kg4 Qf3+ 43. Kh3 Qh1+ 44. Kg4 Qf3+ 1/2-1/2

[Event "Mauricie op"]
[Site "Trois-Rivieres CAN"]
[Date "2005.03.18"]
[Round "1"]
[White "Libersan, Thierry"]
[Black "Roussel-Roozmon, Thomas"]
[Result "0-1"]
[WhiteElo "2055"]
[BlackElo "2442"]
[PlyCount "74"]
[EventDate "2005.03.18"]
[EventType "swiss"]
[EventRounds "5"]
[EventCountry "CAN"]

1. c4 b6 2. Nc3 Bb7 3. d4 e6 4. Nf3 Bb4 5. Qc2 f5 6. Bg5 Nf6 7. Nd2 h6 8. Bxf6
Qxf6 9. e3 O-O 10. O-O-O d6 11. Be2 Nd7 12. Bf3 Bxf3 13. gxf3 Bxc3 14. bxc3 Qh4
15. Rdf1 c5 16. d5 exd5 17. cxd5 b5 18. c4 Nb6 19. Rhg1 bxc4 20. Rg6 Rad8 21.
Rfg1 Rd7 22. Qc3 Rff7 23. e4 Qxf2 24. exf5 Qd4 25. Qxd4 cxd4 26. Ne4 Nxd5 27.
f6 Kh7 28. fxg7 Rxg7 29. Rxg7+ Rxg7 30. Rxg7+ Kxg7 31. Nxd6 Ne3 32. Nb5 d3 33.
Kd2 a6 34. Nd6 Nf1+ 35. Kc3 d2 36. Kc2 c3 37. Nc4 Kf6 0-1

[Event "Mauricie op"]
[Site "Trois-Rivieres CAN"]
[Date "2005.03.19"]
[Round "2"]
[White "Roussel-Roozmon, Thomas"]
[Black "Robichaud, Louis"]
[Result "1/2-1/2"]
[WhiteElo "2442"]
[BlackElo "2112"]
[PlyCount "226"]
[EventDate "2005.03.18"]
[EventType "swiss"]
[EventRounds "5"]
[EventCountry "CAN"]

1. d4 Nf6 2. c4 g6 3. Nc3 Bg7 4. e4 d6 5. Nf3 O-O 6. Be2 e5 7. O-O Nc6 8. d5
Ne7 9. b4 c6 10. a4 a5 11. bxa5 Qxa5 12. Ra3 c5 13. Ne1 Nd7 14. Nb5 Ra6 15. Nd3
f5 16. exf5 Nxf5 17. f4 e4 18. Nf2 Re8 19. Re1 Nd4 20. Bg4 Nf6 21. Bxc8 Rxc8
22. Bd2 Qd8 23. Nxe4 Nxe4 24. Rxe4 Rca8 25. Bc3 Qd7 26. Bxd4 Bxd4+ 27. Nxd4
cxd4 28. Qxd4 Rxa4 29. Rxa4 Qxa4 30. Re6 b5 31. Rxd6 bxc4 32. Rc6 Qa1+ 33. Qxa1
Rxa1+ 34. Kf2 Rd1 35. d6 c3 36. Rxc3 Rxd6 37. Rc8+ Kg7 38. Rc7+ Kg8 39. Rc8+
Kg7 40. Rc7+ Kg8 41. Kf3 Rd2 42. h3 Ra2 43. Rb7 Rc2 44. Ra7 Rb2 45. h4 Rb5 46.
Re7 h5 47. Kg3 Kf8 48. Rd7 Rb3+ 49. Kf2 Rb5 50. Ke3 Ra5 51. Ke4 Rb5 52. Rd5
Rb4+ 53. Ke5 Kg7 54. Rd7+ Kh6 55. Rd3 Rb5+ 56. Ke6 Rb6+ 57. Rd6 Rb5 58. g3 Ra5
59. Kf7 Ra7+ 60. Kf6 Ra5 61. Re6 Rb5 62. Kf7 Rb7+ 63. Kf6 Rb5 64. Re5 Rb6+ 65.
Kf7 Rb7+ 66. Kf8 Rb8+ 67. Ke7 Rb7+ 68. Kd6 Rb6+ 69. Kc5 Rb3 70. Rg5 Rd3 71. Kc4
Rd1 72. Kc3 Rd8 73. Kc4 Rd1 74. f5 gxf5 75. Rxf5 Rd6 76. Kc5 Rg6 77. Rf3 Rg4
78. Kd5 Kg6 79. Ke5 Ra4 80. Rf6+ Kg7 81. Rf5 Kg6 82. Rg5+ Kh6 83. Rg8 Ra5+ 84.
Kf4 Ra4+ 85. Kf3 Ra3+ 86. Kg2 Ra2+ 87. Kh3 Rf2 88. Ra8 Kg6 89. Ra6+ Kg7 90. Ra4
Kg6 91. Rb4 Kf5 92. Rb1 Kg6 93. Rg1 Kf5 94. Rg2 Rf3 95. Ra2 Rb3 96. Kg2 Kg6 97.
Rf2 Ra3 98. Rc2 Rb3 99. Rc6+ Kg7 100. Re6 Ra3 101. Kf2 Rb3 102. Re3 Rb4 103.
Kf3 Kf6 104. Ra3 Kg6 105. Ra6+ Kg7 106. Re6 Kf7 107. Re4 Rxe4 108. Kxe4 Ke6
109. Kf4 Kf6 110. Kf3 Kf5 111. Ke3 Kg4 112. Kf2 Kf5 113. Kf3 Ke5 1/2-1/2

[Event "Carnaval"]
[Site "Quebec CAN"]
[Date "2005.02.18"]
[Round "1"]
[White "Roussel-Roozmon, Thomas"]
[Black "Sauve, Richard"]
[Result "1-0"]
[WhiteElo "2444"]
[BlackElo "2047"]
[PlyCount "55"]
[EventDate "2005.02.18"]
[EventType "swiss"]
[EventRounds "5"]
[EventCountry "CAN"]

1. e4 e6 2. d4 d5 3. Nd2 Nf6 4. e5 Nfd7 5. Bd3 c5 6. c3 Nc6 7. Ne2 cxd4 8. cxd4
f6 9. exf6 Nxf6 10. Nf3 Bd6 11. O-O O-O 12. Bf4 Bxf4 13. Nxf4 Ne4 14. Nh5 g6
15. Ng3 Nxg3 16. hxg3 Qb6 17. Qa4 Bd7 18. Bb5 Rac8 19. Rac1 a6 20. Bxc6 Bxc6
21. Qa3 Bb5 22. Rxc8 Rxc8 23. Re1 Re8 24. Qe3 Qd6 25. Ne5 Bc6 26. g4 Bd7 27. g5
Kh8 28. Nf7+ 1-0

[Event "Carnaval"]
[Site "Quebec CAN"]
[Date "2005.02.19"]
[Round "2"]
[White "Prahov, Valentin"]
[Black "Roussel-Roozmon, Thomas"]
[Result "1/2-1/2"]
[WhiteElo "2229"]
[BlackElo "2428"]
[PlyCount "178"]
[EventDate "2005.02.18"]
[EventType "swiss"]
[EventRounds "5"]
[EventCountry "CAN"]

1. e4 c5 2. Nf3 a6 3. Nc3 e6 4. d4 cxd4 5. Nxd4 Qc7 6. Bd3 Nc6 7. Be3 Nf6 8.
O-O h5 9. h3 b5 10. Nxc6 Qxc6 11. e5 Bb7 12. Qf3 Qxf3 13. gxf3 Ng8 14. Be4
O-O-O 15. Bb6 Re8 16. Rfd1 Bb4 17. Rd3 Ne7 18. a3 Bxc3 19. Rxc3+ Bc6 20. Bc5
Bxe4 21. fxe4 Nc6 22. Bd6 Kb7 23. a4 Ra8 24. Rf3 f6 25. exf6 gxf6 26. Rxf6
Rag8+ 27. Kf1 Rh7 28. axb5 axb5 29. c3 Rhg7 30. Ke2 Rg6 31. Rxg6 Rxg6 32. Bh2
b4 33. Rd1 Rg7 34. cxb4 Nxb4 35. Be5 Rf7 36. f3 Kb6 37. Ke3 Kb5 38. Bc3 Nc2+
39. Kd2 Nb4 40. Ke3 Nc2+ 41. Kf2 Kc4 42. Rd2 Kb3 43. Be5 Nb4 44. f4 d5 45. exd5
Nxd5 46. Kg3 Kc4 47. Kh4 Rf5 48. Kg3 Rf8 49. Kf3 Kc5 50. Rc2+ Kb5 51. Ke4 Rg8
52. f5 Nb4 53. Rd2 exf5+ 54. Kxf5 Nc6 55. Bf6 Kc5 56. Rd7 Rg2 57. h4 Nb4 58.
Rh7 Nd5 59. Be5 Rf2+ 60. Kg5 Re2 61. Kf5 Ne3+ 62. Ke6 Ng2 63. Rc7+ Kb5 64. Kd5
Nxh4 65. Rb7+ Ka6 66. Rb3 Ng6 67. Bd4 Nf4+ 68. Kc6 Re6+ 69. Kc5 h4 70. Ra3+ Kb7
71. Kb5 Nd5 72. Ra7+ Kc8 73. Rh7 Nc7+ 74. Kc5 Re4 75. Bc3 Rg4 76. Be5 Ne6+ 77.
Kc6 Nd4+ 78. Kd5 Nf5 79. b3 Rb4 80. Rf7 Nh6 81. Rh7 Ng4 82. Bd4 Rxb3 83. Rxh4
Rg3 84. Kc6 Kd8 85. Kd6 Kc8 86. Kc6 Kd8 87. Kd6 Kc8 88. Ke6 Ne3 89. Rh1 Kc7
1/2-1/2

[Event "Carnaval"]
[Site "Quebec CAN"]
[Date "2005.02.19"]
[Round "3"]
[White "Roussel-Roozmon, Thomas"]
[Black "Caire, Francois"]
[Result "1-0"]
[WhiteElo "2444"]
[BlackElo "2201"]
[PlyCount "69"]
[EventDate "2005.02.18"]
[EventType "swiss"]
[EventRounds "5"]
[EventCountry "CAN"]

1. d4 Nf6 2. c4 e6 3. Nc3 Bb4 4. Qc2 O-O 5. a3 Bxc3+ 6. Qxc3 b6 7. Bg5 Bb7 8.
e3 d6 9. Ne2 Nbd7 10. Qd3 h6 11. Bh4 c5 12. Nc3 Ba6 13. dxc5 bxc5 14. Qxd6 Qa5
15. Be2 Rab8 16. Qd2 Ne5 17. Bxf6 gxf6 18. Nb5 Qxd2+ 19. Kxd2 Nxc4+ 20. Bxc4
Bxb5 21. Bxb5 Rxb5 22. Kc2 Rfb8 23. Ra2 a5 24. Rd1 f5 25. Rd7 c4 26. Rc7 Rd8
27. Rxc4 Rbd5 28. b4 Rd2+ 29. Kb1 axb4 30. axb4 Rxa2 31. Kxa2 Rd2+ 32. Kb3 Rxf2
33. b5 Rxg2 34. b6 Rg1 35. Rc2 1-0

[Event "Carnaval"]
[Site "Quebec CAN"]
[Date "2005.02.19"]
[Round "4"]
[White "Roussel-Roozmon, Thomas"]
[Black "Lawson, Eric"]
[Result "1-0"]
[WhiteElo "2444"]
[BlackElo "2395"]
[PlyCount "107"]
[EventDate "2005.02.18"]
[EventType "swiss"]
[EventRounds "5"]
[EventCountry "CAN"]

1. Nf3 Nf6 2. c4 c5 3. g3 b6 4. Bg2 Bb7 5. O-O a6 6. Nc3 e6 7. d4 cxd4 8. Qxd4
Nc6 9. Qf4 Qb8 10. Rd1 d6 11. b3 Be7 12. Bb2 O-O 13. Ng5 Ne5 14. Bxb7 Qxb7 15.
Nce4 Nxe4 16. Nxe4 Qc7 17. Rd2 f5 18. Ng5 Bxg5 19. Qxg5 h6 20. Qf4 Nf7 21. Ba3
Rfd8 22. Rad1 Qc6 23. f3 Rac8 24. Bxd6 Kh7 25. Ba3 Rxd2 26. Rxd2 b5 27. cxb5
axb5 28. Bb2 Ra8 29. a3 Qb7 30. Qd4 e5 31. Qd7 Qb6+ 32. Kg2 Qg6 33. Qxb5 e4 34.
Qc4 exf3+ 35. exf3 Ra7 36. a4 Re7 37. b4 Ng5 38. Qc5 Qf7 39. b5 Rc7 40. Qe5 Re7
41. Qf4 Ne6 42. Qc4 Qh5 43. Qh4 Qe8 44. Ba3 Rd7 45. Bd6 Qc8 46. Qb4 g5 47. Qb1
Rf7 48. Qd3 g4 49. fxg4 Ng5 50. gxf5 Qa8+ 51. Qd5 Qxa4 52. Be5 Qe4+ 53. Qxe4
Nxe4 54. Rd4 1-0

[Event "World Chess Tournament"]
[Site "Montreal CAN"]
[Date "2005.01.15"]
[Round "1"]
[White "Hauchard, Arnaud"]
[Black "Roussel-Roozmon, Thomas"]
[Result "1/2-1/2"]
[WhiteElo "2487"]
[BlackElo "2425"]
[PlyCount "116"]
[EventDate "2005.01.15"]
[EventType "tourn"]
[EventRounds "9"]
[EventCountry "CAN"]

1. d4 Nf6 2. c4 e6 3. Nc3 Bb4 4. e3 O-O 5. Nge2 d5 6. a3 Be7 7. cxd5 exd5 8. g3
c6 9. Bg2 Na6 10. O-O Nc7 11. h3 Re8 12. Bd2 Bd6 13. Nf4 Ne6 14. Nce2 Ne4 15.
Be1 a5 16. f3 Nxf4 17. exf4 Nf6 18. Bf2 b6 19. Re1 Ba6 20. Nc3 Rxe1+ 21. Qxe1
Bc4 22. Qd2 b5 23. Nd1 Nd7 24. a4 Bb3 25. Qc3 bxa4 26. Qxc6 Nb6 27. Ne3 Bb4 28.
Qb5 Rb8 29. Qd3 Nc4 30. Nd1 Bxd1 31. Qxd1 Nxb2 32. Qe2 a3 33. Bf1 Nc4 34. Qc2
Rc8 35. Bd3 h6 36. Qa2 Bc3 37. Rc1 Bb2 38. Rc2 Nb6 39. Qb3 Rxc2 40. Bxc2 Nc4
41. Qa4 Kf8 42. Bb1 Qe8 43. Qc2 Qe6 44. Kg2 Qb6 45. Qd3 Qb4 46. Qf5 Qd6 47.
Qc8+ Ke7 48. Ba2 Nb6 49. Qb7+ Kf8 50. Qa6 Bc3 51. Qd3 Bb4 52. Qh7 Qf6 53. Qh8+
Ke7 54. Qb8 Qd6 55. Qb7+ Kf8 56. f5 Nc4 57. Qc8+ Ke7 58. g4 Qd7 1/2-1/2

[Event "World Chess Tournament"]
[Site "Montreal CAN"]
[Date "2005.01.17"]
[Round "3"]
[White "Antonio, Rogelio"]
[Black "Roussel-Roozmon, Thomas"]
[Result "0-1"]
[WhiteElo "2539"]
[BlackElo "2425"]
[PlyCount "132"]
[EventDate "2005.01.15"]
[EventType "tourn"]
[EventRounds "9"]
[EventCountry "CAN"]

1. e4 e5 2. Nf3 Nf6 3. Nxe5 d6 4. Nf3 Nxe4 5. d4 d5 6. Bd3 Nc6 7. O-O Be7 8. c4
Nb4 9. Be2 O-O 10. Nc3 Bf5 11. a3 Nxc3 12. bxc3 Nc6 13. Re1 Re8 14. Bf4 Rc8 15.
c5 Bf6 16. Qa4 a6 17. Bf1 Qd7 18. Qb3 Rxe1 19. Rxe1 Rb8 20. Ne5 Bxe5 21. Bxe5
b6 22. Bg3 bxc5 23. Qa4 c4 24. h3 h6 25. Kh2 Kh7 26. Be2 Rb3 27. Rc1 Ne5 28.
Qa5 Nd3 29. Ra1 c6 30. Qxa6 Rxc3 31. Bd1 Nb2 32. Bh5 Rc2 33. Qa8 Nd3 34. Rb1
Rb2 35. Rxb2 Nxb2 36. Qf8 Bg6 37. Bg4 f5 38. Be2 Qe8 39. Qxe8 Bxe8 40. Bf4 g5
41. Bc1 Na4 42. Bd1 Nc3 43. Bc2 Nb5 44. Bxf5+ Bg6 45. Bd7 Nxd4 46. a4 c3 47. a5
Bd3 48. Be3 Nb3 49. Bb6 Kg7 50. Bxc6 c2 51. Bxd5 c1=Q 52. Bxb3 Qf4+ 53. Kg1 Ba6
54. Bd5 h5 55. Bf3 g4 56. hxg4 hxg4 57. Ba8 g3 58. fxg3 Qxg3 59. Bf3 Qe1+ 60.
Kh2 Qe5+ 61. Kg1 Kf7 62. Kf2 Ke7 63. g3 Kd6 64. g4 Qh2+ 65. Ke3 Qg3 66. Ba7 Ke6
0-1

[Event "World Chess Tournament"]
[Site "Montreal CAN"]
[Date "2005.01.17"]
[Round "4"]
[White "Roussel-Roozmon, Thomas"]
[Black "Hebert, Jean"]
[Result "1/2-1/2"]
[WhiteElo "2425"]
[BlackElo "2410"]
[PlyCount "66"]
[EventDate "2005.01.15"]
[EventType "tourn"]
[EventRounds "9"]
[EventCountry "CAN"]

1. d4 g6 2. c4 Bg7 3. e4 d6 4. Nc3 e5 5. Nf3 Nc6 6. d5 Nce7 7. Be2 h6 8. O-O f5
9. exf5 Nxf5 10. c5 Nf6 11. Bb5+ Bd7 12. Bxd7+ Qxd7 13. Qb3 b6 14. cxd6 cxd6
15. Be3 O-O 16. a4 g5 17. a5 Rab8 18. axb6 Nxe3 19. fxe3 Rxb6 20. Qa3 Rfb8 21.
Nd1 R8b7 22. Nd2 Rb4 23. Qd3 e4 24. Qc2 Qc7 25. Qxc7 Rxc7 26. Ra5 Rc2 27. Nb1
Rb7 28. Nbc3 Rd2 29. h3 Re7 30. Ra6 Ne8 31. Ra4 Nf6 32. Ra6 Ne8 33. Ra4 Nf6
1/2-1/2

[Event "World Chess Tournament"]
[Site "Montreal CAN"]
[Date "2005.01.18"]
[Round "5"]
[White "Perelshteyn, Eugene"]
[Black "Roussel-Roozmon, Thomas"]
[Result "1-0"]
[WhiteElo "2505"]
[BlackElo "2425"]
[PlyCount "111"]
[EventDate "2005.01.15"]
[EventType "tourn"]
[EventRounds "9"]
[EventCountry "CAN"]

1. e4 e5 2. Nf3 Nf6 3. Nc3 Nc6 4. d4 exd4 5. Nxd4 Bb4 6. Nxc6 bxc6 7. Bd3 d5 8.
exd5 cxd5 9. O-O O-O 10. Bg5 c6 11. Na4 h6 12. Bh4 Re8 13. c4 Bd6 14. Rc1 Bf4
15. Rc2 Bg4 16. f3 Be6 17. Bf2 Nd7 18. cxd5 cxd5 19. Re1 Qa5 20. b3 Rac8 21.
Ree2 Bd6 22. Qd2 Qxd2 23. Rexd2 Bb4 24. Re2 a5 25. Bd4 Kf8 26. Kf2 g5 27. g3
Rxc2 28. Rxc2 Ke7 29. Rc6 f6 30. f4 gxf4 31. gxf4 Rg8 32. f5 Bf7 33. Nb6 Rg4
34. Ke3 Nxb6 35. Rxb6 Bd6 36. Bxf6+ Kxf6 37. Rxd6+ Ke5 38. Rxh6 Rg2 39. Be2 d4+
40. Kd3 a4 41. bxa4 Bxa2 42. Rb6 Rxh2 43. Rb5+ Kf6 44. Rb2 Bg8 45. a5 Bh7 46.
Kxd4 Bxf5 47. a6 Rh4+ 48. Kc5 Ra4 49. Bb5 Ra1 50. Kb6 Be4 51. a7 Ba8 52. Re2
Bh1 53. Rf2+ Ke7 54. Rf1 Rxf1 55. Bxf1 Kd6 56. Ba6 1-0

[Event "World Chess Tournament"]
[Site "Montreal CAN"]
[Date "2005.01.19"]
[Round "6"]
[White "Roussel-Roozmon, Thomas"]
[Black "Lawson, Eric"]
[Result "1/2-1/2"]
[WhiteElo "2425"]
[BlackElo "2373"]
[PlyCount "59"]
[EventDate "2005.01.15"]
[EventType "tourn"]
[EventRounds "9"]
[EventCountry "CAN"]

1. d4 Nf6 2. c4 c5 3. d5 b5 4. cxb5 a6 5. b6 Qxb6 6. Nc3 d6 7. Nf3 g6 8. Nd2
Bg7 9. e4 O-O 10. Be2 Nbd7 11. O-O a5 12. Nc4 Qb8 13. a4 Ba6 14. Na3 Qb4 15.
Bxa6 Rxa6 16. Qe2 Qb7 17. Bf4 Ne8 18. Nab5 Ra8 19. Rac1 Nc7 20. Nxc7 Qxc7 21.
Nb5 Qb7 22. b3 Rfc8 23. Rfd1 Nf6 24. h3 Ne8 25. e5 dxe5 26. Bxe5 Bxe5 27. Qxe5
Nd6 28. Rc3 Nxb5 29. axb5 a4 30. bxa4 1/2-1/2

[Event "World Chess Tournament"]
[Site "Montreal CAN"]
[Date "2005.01.19"]
[Round "7"]
[White "Mikhalevski, Victor"]
[Black "Roussel-Roozmon, Thomas"]
[Result "1/2-1/2"]
[WhiteElo "2553"]
[BlackElo "2425"]
[PlyCount "29"]
[EventDate "2005.01.15"]
[EventType "tourn"]
[EventRounds "9"]
[EventCountry "CAN"]

1. d4 e6 2. c4 b6 3. e4 Bb7 4. Qc2 Qh4 5. Bd3 f5 6. Nd2 Nf6 7. Ngf3 Qg4 8. exf5
Bxf3 9. gxf3 Qg2 10. Rf1 Nc6 11. fxe6 Nxd4 12. Qc3 c5 13. Nb3 Nxf3+ 14. Ke2
O-O-O 15. Bf5 1/2-1/2

[Event "World Chess Tournament"]
[Site "Montreal CAN"]
[Date "2005.01.20"]
[Round "8"]
[White "Nataf, Igor A"]
[Black "Roussel-Roozmon, Thomas"]
[Result "1/2-1/2"]
[WhiteElo "2557"]
[BlackElo "2425"]
[PlyCount "79"]
[EventDate "2005.01.15"]
[EventType "tourn"]
[EventRounds "9"]
[EventCountry "CAN"]

1. e4 e5 2. Nf3 Nc6 3. Bb5 a6 4. Ba4 Nf6 5. O-O Be7 6. Re1 b5 7. Bb3 O-O 8. h3
d6 9. c3 Na5 10. Bc2 c5 11. d4 Qc7 12. Nbd2 cxd4 13. cxd4 Nc6 14. Nb3 a5 15.
Be3 a4 16. Nbd2 Bd7 17. a3 Rac8 18. Bd3 Na5 19. Qe2 Qb8 20. Reb1 Rfe8 21. d5
Bd8 22. b4 axb3 23. Nxb3 Nc4 24. Nbd2 Nxe3 25. Bxb5 Bb6 26. Bxd7 Nxd7 27. fxe3
Rc2 28. Ne1 Rc3 29. Nc4 Qc7 30. Nxb6 Nxb6 31. a4 Nc4 32. Rc1 Qa5 33. Rab1 Ra8
34. Rxc3 Qxc3 35. Nd3 g6 36. Rc1 Qb3 37. Nc5 dxc5 38. Rxc4 Rxa4 39. Rxa4 Qxa4
40. Qb2 1/2-1/2

[Event "World Chess Tournament"]
[Site "Montreal CAN"]
[Date "2005.01.21"]
[Round "9"]
[White "Roussel-Roozmon, Thomas"]
[Black "Fedorowicz, John"]
[Result "1/2-1/2"]
[WhiteElo "2425"]
[BlackElo "2507"]
[PlyCount "24"]
[EventDate "2005.01.15"]
[EventType "tourn"]
[EventRounds "9"]
[EventCountry "CAN"]

1. d4 Nf6 2. c4 a6 3. Nc3 c5 4. Nf3 cxd4 5. Nxd4 d5 6. Bg5 Ne4 7. Nxe4 dxe4 8.
g3 h6 9. Be3 e5 10. Nc2 Qxd1+ 11. Rxd1 Be6 12. b3 Nd7 1/2-1/2